UK Political Party leaders - Statistics

General Stats
  • This quiz has been taken 9 times
    2 since last reset
  • The average score is 4 of 16
Answer Stats
Hint Answer % Correct
Liberal Democrats Ed Davey
100%
Labour Party Keir Starmer
100%
Reform UK Nigel Farage
100%
Conservative Party Rishi Sunak
50%
Alba Party Alex Salmond
0%
Green Party of England and Wales Carla Denyer/Adrian Ramsay
0%
Social Democratic and Labour Party Colum Eastwood
0%
Ulster Unionist Party Doug Beattie
0%
People Before Profit Eamonn McCann
0%
Democratic Unionist Party Gavin Robinson
0%
Traditional Unionist Voice Jim Allister
0%
Scottish National Party John Swinney
0%
Sinn Féin Mary Lou McDonald
0%
Alliance Party of Northern Ireland Naomi Long
0%
Scottish Greens Patrick Harvie/Lorna Slater
0%
Plaid Cymru Rhun ap Iorwerth
0%
No matching quizzes found
Score Distribution
Percent of People with Each Score
Percentile by Number Answered
Your Score History
You have not taken this quiz since the last reset